<?xml version="1.0" encoding="UTF-8"?><?xml-stylesheet type="text/xsl" href="static/style.xsl"?><OAI-PMH xmlns="http://www.openarchives.org/OAI/2.0/" xmlns:xsi="http://www.w3.org/2001/XMLSchema-instance" xsi:schemaLocation="http://www.openarchives.org/OAI/2.0/ http://www.openarchives.org/OAI/2.0/OAI-PMH.xsd"><responseDate>2026-04-27T03:34:10Z</responseDate><request verb="GetRecord" identifier="oai:repisalud.isciii.es:20.500.12105/27417" metadataPrefix="marc">https://repisalud.isciii.es/rest/oai/request</request><GetRecord><record><header><identifier>oai:repisalud.isciii.es:20.500.12105/27417</identifier><datestamp>2026-04-14T17:44:15Z</datestamp><setSpec>com_20.500.12105_2203</setSpec><setSpec>com_20.500.12105_2202</setSpec><setSpec>col_20.500.12105_19505</setSpec></header><metadata><record xmlns="http://www.loc.gov/MARC21/slim" xmlns:dcterms="http://purl.org/dc/terms/" xmlns:doc="http://www.lyncode.com/xoai" xmlns:xsi="http://www.w3.org/2001/XMLSchema-instance" xsi:schemaLocation="http://www.loc.gov/MARC21/slim http://www.loc.gov/standards/marcxml/schema/MARC21slim.xsd">
   <leader>00925njm 22002777a 4500</leader>
   <datafield ind2=" " ind1=" " tag="042">
      <subfield code="a">dc</subfield>
   </datafield>
   <datafield ind2=" " ind1=" " tag="720">
      <subfield code="a">Instituto de Salud Carlos III. Centro Nacional de Epidemiología</subfield>
      <subfield code="e">author</subfield>
   </datafield>
   <datafield ind2=" " ind1=" " tag="720">
      <subfield code="a">Instituto de Salud Carlos III. Centro Nacional de Microbiología</subfield>
      <subfield code="e">author</subfield>
   </datafield>
   <datafield ind2=" " ind1=" " tag="720">
      <subfield code="a">Grupo SiVIRA de vigilancia y efectividad vacunal en España</subfield>
      <subfield code="e">author</subfield>
   </datafield>
   <datafield ind2=" " ind1=" " tag="260">
      <subfield code="c">2026-04-05</subfield>
   </datafield>
   <datafield ind2=" " ind1=" " tag="520">
      <subfield code="a">A nivel sindrómico, la tasa de IRAs a nivel nacional es de 326,6 casos/100.000 habitantes (461,5 casos/100.000 habitantes en la semana previa), habiendo superado en la 39/2025 el umbral epidémico y presentando una intensidad baja. La bajada de la incidencia de IRAs en la semana 14/2025 por debajo del umbral epidémico posiblemente se ve influenciada por la presencia de días festivos, y se debe interpretar con cautela. La tasa de síndrome gripal es de 7,4 casos/100.000 habitantes (10,5 casos/100.000 habitantes en la semana previa), situándose por debajo del umbral epidémico y dejando una epidemia gripal desarrollada entre las semanas 47/2025 y 03/2026 con un pico de intensidad media. La tasa de COVID-19 (síndrome) es de 1,1 casos/100.000 habitantes (1,6 casos/100.000 habitantes en la semana previa) y la de bronquitis y bronquiolitis en menores de 5 años de 188,7 casos/100.000 habitantes (295,3 casos/100.000 habitantes en la semana previa). El porcentaje de positividad es de 0,4% para gripe (0,2% en la semana previa), 1,7% para SARS-CoV-2 (2,8% en la semana previa) y 1,3% para VRS (2,9% en la semana previa). El proxy de gripe (IRAs x positividad a gripe) estima una incidencia de gripe de 1,3 casos/100.000 habitantes (0,9 casos/100.000 habitantes en la semana previa). El proxy de COVID-19 (IRAs x positividad a COVID-19) estima una incidencia de COVID-19 de 5,6 casos/100.000 habitantes (12,9 casos/100.000 habitantes en la semana previa). El proxy de VRS (IRAs x positividad a VRS) estima una incidencia de VRS de 4,2 casos/100.000 habitantes (13,4 casos/100.000 habitantes en la semana previa).</subfield>
   </datafield>
   <datafield ind1="8" ind2=" " tag="024">
      <subfield code="a">Vigilancia de Infección Respiratoria Aguda: gripe, COVID-19 y VRS CNE-CNM. ISCIII  Semana 14/2026 (del 30 de marzo al 05 de abril de 2026).</subfield>
   </datafield>
   <datafield ind1="8" ind2=" " tag="024">
      <subfield code="a">https://hdl.handle.net/20.500.12105/27417</subfield>
   </datafield>
   <datafield tag="653" ind2=" " ind1=" ">
      <subfield code="a">Gripe</subfield>
   </datafield>
   <datafield tag="653" ind2=" " ind1=" ">
      <subfield code="a">COVID-19</subfield>
   </datafield>
   <datafield tag="653" ind2=" " ind1=" ">
      <subfield code="a">VRS</subfield>
   </datafield>
   <datafield tag="653" ind2=" " ind1=" ">
      <subfield code="a">Virus respiratorio sincitial</subfield>
   </datafield>
   <datafield tag="653" ind2=" " ind1=" ">
      <subfield code="a">Vigilanca Epidemiológica</subfield>
   </datafield>
   <datafield ind2="0" ind1="0" tag="245">
      <subfield code="a">Vigilancia de Infección Respiratoria Aguda: gripe, COVID-19 y VRS CNE-CNM. ISCIII  Semana 14/2026 (del 30 de marzo al 5 de abril de 2026)</subfield>
   </datafield>
</record></metadata></record></GetRecord></OAI-PMH>